000 00229nam a2200097Ia 4500
001 854726
005 20250826174557.0
008 250824s9999 xx 000 0 und d
245 0 _aTATLI RÜYALAR
_cMAHSA HEDAYATİ
260 _bKETEBE
999 _c854726
_d854726